000 01197cam a22003617a 4500
003 CHAP
005 20220817041947.0
008 971013s1960 r 00010 d
010 _a30062
011 _a31034
035 _a35146
040 _cCHAP
082 _a321.03
_bL5Y
100 0 0 _aLink, Arthur S.
_966985
245 1 3 _aLa política de los Estados Unidos en América Latina
_b: 1913-1916
260 _aMéxico :
_bFondo de Cultura Económica,
_c1960
300 _a287 p.
490 0 _aSección de Obras de Política
590 _aBATCH-UPD
_b10
_c20130110
_lUCH01
_h1153
590 _aBATCH-UPD
_b10
_c20130410
_lUCH01
_h0736
590 _aBATCH-UPD
_b10
_c20130914
_lUCH01
_h1225
590 _aBATCH-UPD
_b10
_c20161124
_lUCH01
_h1709
590 _aCONVERSION
_b10
_c20130109
_lUCH01
_h1317
650 1 4 _aE.U.A.
_xPolítica y gobierno.
_934845
650 1 4 _aImperialismo.
_957474
650 1 4 _aMéxico
_xHistoria.
650 1 4 _aMéxico
_xHistoria
_xRevolución.
_976768
651 4 _aMéxico
_xPolítica y gobierno.
_976783
830 0 _aSección de Obras de Política
_9103508
901 _aBK
942 _cLIBRO
949 _a321.03 L5Y
_bBC
_cLIBRO
_d33724000310348
_eLIBRO
_h35363
_i35146
_si
999 _c30062
_d30062